Giúp bạn phát âm đúng tiếng hoa Biên soạn dựa theo tài liệu luyện phát âm mới nhất của Nhà xuất bản Ngôn ngữ Bắc Kinh
Shranjeno v:
| Glavni avtor: | |
|---|---|
| Format: | Knjiga |
| Jezik: | Vietnamese |
| Izdano: |
TP. Hồ Chí Minh
Nxb từ điển bách khoa
2007
|
| Teme: | |
| Oznake: |
Označite
Brez oznak, prvi označite!
|
| Thư viện lưu trữ: | Trung tâm Học liệu Lê Vũ Hùng, Trường Đại học Đồng Tháp |
|---|
| LEADER | 00955pam a22002778a 4500 | ||
|---|---|---|---|
| 001 | 00028876 | ||
| 005 | 20171026081023.0 | ||
| 008 | 120423s2007 ||||||viesd | ||
| 020 | |c 25000 | ||
| 041 | 0 | # | |a vie |
| 082 | 1 | # | |a 495.1 |b GI521B |
| 100 | 0 | # | |a Gia, Linh |e Biên soạn |
| 245 | 0 | 0 | |a Giúp bạn phát âm đúng tiếng hoa |c Gia Linh (biên soạn) |b Biên soạn dựa theo tài liệu luyện phát âm mới nhất của Nhà xuất bản Ngôn ngữ Bắc Kinh |
| 260 | # | # | |a TP. Hồ Chí Minh |b Nxb từ điển bách khoa |c 2007 |
| 300 | # | # | |a 178 tr. |c 21 cm. |
| 546 | # | # | |a Việt- Trung |
| 653 | # | # | |a Ngôn ngữ |
| 653 | # | # | |a Phát âm |
| 653 | # | # | |a Tiếng Hoa |
| 653 | # | # | |a Tự học |
| 852 | # | # | |b Kho đọc |j KD.0013479 |
| 852 | # | # | |j KD.0013085 |
| 910 | |d 23/04/2012 | ||
| 980 | # | # | |a Trung tâm Học liệu Lê Vũ Hùng, Trường Đại học Đồng Tháp |